[Event "Beersheba"]
[Site "Beersheba"]
[Date "1976.??.??"]
[Round "1"]
[White "Damjanovic, Mato"]
[Black "Tatai, Stefano"]
[Result "1-0"]
[WhiteElo "2425"]
[BlackElo "2465"]

1.e4 c5 2.Nf3 Nc6 3.Bb5 e6 4.O-O Nge7 5.Re1 a6 6.Bxc6 Nxc6 7.c3 d5 8.exd5 Qxd5
9.d4 b5 10.c4 Qxc4 11.b3 Qd5 12.Nc3 Qh5 13.dxc5 Bxc5 14.Ne4 Bb4 15.Ng3 Qc5
16.Re2 Bb7 17.a3 Qd6 18.Qf1 Bc3 19.Ne4 Qd3 20.Nxc3 Qxc3 21.Bb2 Qxb3 22.Qc1 Qd3
23.Rd2 Qf5 24.Qc3 Ne7 25.Qc7 Bxf3 26.Qd7+  1-0

[Event "HUN-ch"]
[Site "Budapest"]
[Date "1976.??.??"]
[Round "14"]
[White "Hazai, Laszlo"]
[Black "Sax, Gyula"]
[Result "1/2-1/2"]
[WhiteElo "2430"]
[BlackElo "2530"]

1.e4 c5 2.Nf3 Nc6 3.Bb5 e6 4.O-O Nge7 5.c3 a6 6.Ba4 b5 7.Bc2 d5 8.d4 cxd4
9.cxd4 Nb4 10.Nc3 Nxc2 11.Qxc2 dxe4 12.Qxe4 Ra7 13.Bg5 f6 14.Bf4 Qd7  1/2-1/2

[Event "WchT U26 prel-1"]
[Site "Caracas"]
[Date "1976.??.??"]
[Round "1"]
[White "Ott, Roland"]
[Black "Sveshnikov, Evgeny"]
[Result "1/2-1/2"]
[WhiteElo "2225"]
[BlackElo "2510"]

1.e4 c5 2.Nf3 Nc6 3.Bb5 Nf6 4.Qe2 g6 5.O-O Bg7 6.c3 O-O 7.d4 cxd4 8.cxd4 d5
9.e5 Ne4 10.Nc3 Nxc3 11.bxc3 Na5 12.Bg5 h6 13.Bd2 Bd7 14.Bd3 Rc8 15.Nh4 Nc4
16.e6 Bxe6 17.Bxc4 Rxc4 18.Nxg6 fxg6 19.Qxe6+ Kh7 20.Rfe1 Rc7 21.Re2 Qd7
22.Qxd7 Rxd7 23.Rb1 Rf6 24.h4 Kg8 25.g3 Ra6 26.Bf4 Ra3 27.Rb3 Rxb3 28.axb3 a5
29.Re6  1/2-1/2

[Event "WchT U26 fin-B"]
[Site "Caracas"]
[Date "1976.??.??"]
[Round "5"]
[White "Henao, Raul Fernando"]
[Black "Fridjonsson, Julius"]
[Result "1-0"]
[WhiteElo "2295"]
[BlackElo "2295"]

1.e4 c5 2.Nf3 Nc6 3.Bb5 g6 4.O-O Bg7 5.Re1 e5 6.b4 Nxb4 7.Bb2 Qc7 8.c3 Nc6
9.d4 exd4 10.cxd4 a6 11.Bxc6 dxc6 12.e5 Ne7 13.dxc5 Nd5 14.Nbd2 Bf5 15.Nd4 Be6
16.Ne4 O-O 17.Nd6 b6 18.cxb6 Qxb6 19.Ba3 c5 20.Nxe6 fxe6 21.Qg4 Nf4 22.Rac1 Qa5
23.Re3 Qd2 24.Ne4 Qxa2 25.Bxc5 h5 26.Qf3 Rac8 27.Ree1 Bxe5 28.Bxf8 Ne2+ 29.Kh1 Nxc1
30.Nf6+ Kxf8 31.Nd7+ Kg8 32.Nxe5 Qd2 33.Qf7+  1-0

[Event "GER-W chT 7576"]
[Site "?"]
[Date "1976.??.??"]
[Round "?"]
[White "Nehmert, Ulrich"]
[Black "Podzielny, Karl Heinz"]
[Result "0-1"]
[WhiteElo "2380"]
[BlackElo "2385"]

1.e4 c5 2.Nf3 Nc6 3.Bb5 g6 4.O-O Bg7 5.Re1 Nf6 6.c3 O-O 7.d4 cxd4 8.cxd4 d5
9.e5 Ne4 10.Nc3 Nxc3 11.bxc3 Na5 12.Ba3 Bf5 13.Ng5 a6 14.g4 axb5 15.gxf5 Nc4
16.fxg6 fxg6 17.Bb4 Rf5 18.f4 Bh6 19.Kh1 Bxg5 20.fxg5 e6 21.a4 Qxg5 22.axb5 Rxa1
23.Qxa1 Rf2 24.Rg1 Qf4  0-1

[Event "DDR-ch 25th"]
[Site "Groeditz"]
[Date "1976.??.??"]
[Round "7"]
[White "Paehtz, Thomas Sr"]
[Black "Liebert, Heinz"]
[Result "1/2-1/2"]
[WhiteElo "2295"]
[BlackElo "2420"]

1.e4 c5 2.Nf3 Nc6 3.Bb5 g6 4.O-O Bg7 5.Re1 Nf6 6.Nc3 O-O 7.e5 Ne8 8.Bxc6 bxc6
9.Qe2 d6 10.h3 Nc7 11.d3 Ne6 12.Qe4 Nd4 13.Nxd4 cxd4 14.Qxd4 Bxe5 15.Qh4 Re8
16.Ne4 Bg7 17.Ng5 h6 18.Nf3 e5 19.Qc4 c5 20.c3 Be6 21.Qa4 Bf5 22.Qd1 Rb8
23.Nh2 Kh7 24.Nf1 Qd7 25.b3 d5 26.Bb2 Be6 27.Qd2 f5 28.Rac1 Bf7 29.Re2 Rbd8
30.d4 Qc7 31.dxe5 Rxe5 32.b4 Re4 33.bxc5 Rxe2 34.Qxe2 Qxc5 35.Nd2  1/2-1/2

[Event "Lone Pine"]
[Site "Lone Pine"]
[Date "1976.??.??"]
[Round "2"]
[White "Sisniega, Marcel"]
[Black "Christiansen, Larry Mark"]
[Result "0-1"]
[WhiteElo "2200"]
[BlackElo "2400"]

1.e4 c5 2.Nf3 Nc6 3.Bb5 e6 4.O-O Nge7 5.Re1 Ng6 6.c3 Be7 7.d4 cxd4 8.cxd4 d5
9.e5 O-O 10.a3 Bd7 11.Nc3 Rc8 12.Bd3 Na5 13.b4 Nc4 14.Qb3 Qb6 15.Be3 Nh4
16.Nxh4 Bxh4 17.Rec1 Nxe3 18.fxe3 Bg5 19.Nd1 Rc7 20.Rxc7 Qxc7 21.Qc2 Qxc2
22.Bxc2 Rc8 23.Bd3 Ba4 24.Kf2 Kf8 25.Ke2 Ke7 26.Kd2 f6 27.Nb2 Bd7 28.h4 Bxh4
29.Rh1 Bg5 30.Bxh7 fxe5 31.Rh5 Bh6 32.Rxe5 g6 33.Bxg6 Rg8 34.Bd3 Rxg2+ 35.Kc3 Be8
36.Bf5 Bf7 37.Nd3 Kd6 38.Nf4 Bxf4 39.exf4 exf5 40.Rxf5 Rg3+ 41.Kb2 Ke6 42.Re5+ Kf6
43.Re1 Bg6 44.Rc1 Bd3 45.Rc7 Rg7 46.Rc5 Bc4  0-1

[Event "Lone Pine"]
[Site "Lone Pine"]
[Date "1976.??.??"]
[Round "4"]
[White "Weinberger, Tibor"]
[Black "Baczynskyj, Boris"]
[Result "0-1"]
[WhiteElo "2375"]
[BlackElo "2200"]

1.e4 c5 2.Nf3 Nc6 3.Bb5 Nf6 4.Nc3 Nd4 5.Bc4 e6 6.e5 d5 7.exd6 Bxd6 8.d3 a6
9.a4 Bd7 10.Bg5 Bc6 11.Ne4 Be7 12.Bxf6 gxf6 13.Nxd4 Qxd4 14.c3 Qe5 15.O-O f5
16.Qh5 Qg7 17.Ng3 f4 18.Ne4 Rg8 19.g3 O-O-O 20.Rfe1 Kb8 21.b4 cxb4 22.Rab1 f5
23.Bxe6 fxe4 24.Bxg8 Rxg8 25.cxb4 e3 26.fxe3 fxg3 27.h3 Qc3 28.b5 axb5 29.axb5 Rg5
30.Qxh7 Qc2 31.Qh8+ Kc7 32.Rb2 Qh2+  0-1

[Event "CSR-ch"]
[Site "Ostrava"]
[Date "1976.??.??"]
[Round "2"]
[White "Lechtynsky, Jiri"]
[Black "Privara, Igor"]
[Result "1-0"]
[WhiteElo "2380"]
[BlackElo "2200"]

1.e4 c5 2.Nf3 Nc6 3.Bb5 g6 4.O-O Bg7 5.c3 Nf6 6.e5 Nd5 7.Qe2 Nc7 8.Bxc6 dxc6
9.h3 Bf5 10.d4 cxd4 11.cxd4 Bxb1 12.Rxb1 Qd5 13.b3 O-O 14.Rd1 Rad8 15.Be3 Rd7
16.Rbc1 Rfd8 17.Rd2 Ne6 18.Rdc2 f6 19.Rc4 Nc7 20.Qc2 Qe6 21.Qe4 Nd5 22.Bd2 Nb6
23.R4c2 fxe5 24.dxe5 Rd5 25.Qh4 Qf5 26.Qxe7 R5d7 27.Qh4 Bxe5 28.Nxe5 Rxd2
29.Rxd2 Rxd2 30.Ng4 g5 31.Nh6+ Kh8 32.Nxf5 gxh4 33.Re1 Kg8 34.Re7 Rd7 35.Re2 Nd5
36.Nxh4 Nc3 37.Rc2 Rd1+ 38.Kh2 Ne4 39.Nf5 Rd2 40.Rxd2 Nxd2 41.Nd6 b5 42.Kg3 a5
43.Kf4 a4 44.bxa4 bxa4 45.Ke3 Nb3 46.Ne4 a3 47.Nc3 Nc5 48.f4 Kf7 49.g4 Ke6
50.Kd4 Na6 51.f5+ Kf6 52.Ne4+ Kf7 53.Kc4 Nc7 54.Ng5+ Kg8 55.Ne6 Nd5 56.Kb3 Ne3
57.Nf4 Kf7 58.Kxa3 Kf6 59.Kb4 Ke5 60.Kc5  1-0

[Event "CSR-ch"]
[Site "Ostrava"]
[Date "1976.??.??"]
[Round "5"]
[White "Travnicek, Peter"]
[Black "Lanc, Alois"]
[Result "1-0"]
[WhiteElo "2265"]
[BlackElo "2360"]

1.e4 c5 2.Nf3 Nc6 3.Bb5 g6 4.O-O Bg7 5.Re1 e5 6.c3 Nge7 7.a4 O-O 8.d3 d6
9.Bc4 h6 10.Be3 b6 11.h3 d5 12.Bb5 Bb7 13.Bd2 a6 14.Bxc6 Nxc6 15.Na3 Kh7
16.Qe2 f5 17.exd5 Qxd5 18.Nc4 Rae8 19.Nxb6 Qd8 20.Nc4 Na5 21.Be3 Nxc4 22.dxc4 Qc7
23.Rad1 e4 24.Nh2 f4 25.Bc1 h5 26.Qd2 Rd8 27.Qc2 f3 28.Rxd8 Rxd8 29.Bg5 Rd3
30.Nxf3 Qd7 31.Nh2 Bc6 32.Qe2 Qf5 33.Be3 Be5 34.Nf1 Bd6 35.Qc2 Qf7 36.Qb3 Qe8
37.Qb6 Bxa4 38.Qxa6 Bc6 39.Qa7+ Qd7 40.Bxc5 Bxc5 41.Qxc5  1-0

[Event "CSR-ch"]
[Site "Ostrava"]
[Date "1976.??.??"]
[Round "9"]
[White "Meduna, Eduard"]
[Black "Lanc, Alois"]
[Result "1/2-1/2"]
[WhiteElo "2300"]
[BlackElo "2360"]

1.e4 c5 2.Nf3 Nc6 3.Bb5 g6 4.O-O Bg7 5.c3 a6 6.Bxc6 dxc6 7.d3 Nf6 8.a4 a5
9.Na3 O-O 10.Re1 Qc7 11.h3 Rd8 12.Qc2 e5 13.Nc4 Nd7 14.Be3 b5 15.Na3 Ba6
16.b4 cxb4 17.cxb4 axb4 18.Nxb5 Bxb5 19.axb5 c5 20.Ra6 Rxa6 21.bxa6 Qa5 22.Qc4 h6
23.Re2 b3 24.Qxb3 Qxa6 25.Ra2 Qd6 26.Ra7 Bf8 27.Qc4 Qb6 28.Ra6 Qb8 29.Kh2 Nb6
30.Qc3 Rxd3 31.Rxb6 Rxe3 32.Rxg6+ fxg6 33.Qc4+ Kh7 34.fxe3 Qb7 35.Qd5 Qe7
36.Nd2 h5 37.Nc4 Bg7 38.Kg1 Qf6 39.Qxc5 Qh4 40.Nxe5 Qe1+ 41.Kh2 Bxe5+ 42.Qxe5 Qxe3
43.Qe7+ Kg8 44.Qh4  1/2-1/2

[Event "CSR-ch"]
[Site "Ostrava"]
[Date "1976.??.??"]
[Round "14"]
[White "Privara, Igor"]
[Black "Neckar, Lubomir"]
[Result "1/2-1/2"]
[WhiteElo "2200"]
[BlackElo "2330"]

1.e4 c5 2.Nf3 Nc6 3.Bb5 g6 4.O-O Bg7 5.c3 Nf6 6.Re1 O-O 7.h3 e5 8.d4 cxd4
9.cxd4 exd4 10.Nxd4 Re8 11.Nxc6 dxc6 12.Qxd8 Rxd8 13.Bf1 Be6 14.Nc3 Nd7 15.Bg5 f6
16.Bf4 Ne5 17.Rad1 Kf7 18.b3 Ke8 19.Be3 Bf8 20.Rxd8+ Rxd8 21.Bxa7 Bb4 22.Rc1 Rd2
23.Be3 Bxc3 24.Rxc3 Rxa2 25.f4 Nd7 26.Bd3 Ra3 27.Bc2 c5 28.Bxc5 Nxc5 29.Rxc5 Bxb3
30.Bxb3 Rxb3 31.Rc7 Re3 32.Rxh7 Rxe4 33.f5 g5 34.Rxb7 Re5 35.g4 Re2  1/2-1/2

[Event "URS-ch otbor"]
[Site "Rostov"]
[Date "1976.??.??"]
[Round "?"]
[White "Gurgenidze, Bukhuti"]
[Black "Sideif Sade, Fikret I"]
[Result "1-0"]
[WhiteElo "2500"]
[BlackElo "2320"]

1.e4 c5 2.Nf3 Nc6 3.Bb5 g6 4.O-O Bg7 5.Re1 e5 6.Bxc6 dxc6 7.d3 Ne7 8.a4 O-O
9.a5 Bg4 10.h3 Bxf3 11.Qxf3 Qc7 12.Be3 b6 13.Nd2 Rae8 14.Qe2 f5 15.f3 Nc8
16.axb6 axb6 17.Nc4 Rf7 18.Ra6 Qb8 19.Rea1 Ra7 20.Rxa7 Nxa7 21.Ra6 Nc8 22.Qf1 Rf8
23.Qa1 fxe4 24.dxe4 Qb7 25.b3 Rd8 26.Nb2 Bf6 27.Nd3 Re8 28.Ra8 Kg7 29.Bc1 c4
30.bxc4 Qf7 31.Qa6 Qd7 32.Bb2 h5 33.Qa1 Qe6 34.c5 bxc5 35.Nxe5 Nd6 36.Ra7+ Kg8
37.Nd3 Bxb2 38.Qxb2 Nf7 39.Nxc5 Qd6 40.Nd3 c5 41.Qb7 Rf8 42.Qd7 Qg3  1-0

[Event "URS-ch otbor"]
[Site "Rostov"]
[Date "1976.??.??"]
[Round "?"]
[White "Sideif Sade, Fikret I"]
[Black "Karasev, Vladimir I"]
[Result "0-1"]
[WhiteElo "2320"]
[BlackElo "2495"]

1.e4 c5 2.Nf3 Nc6 3.Bb5 g6 4.O-O Bg7 5.c3 Nf6 6.Re1 O-O 7.d4 cxd4 8.cxd4 d5
9.e5 Ne4 10.Bxc6 bxc6 11.Nbd2 f5 12.Nb3 f4 13.Nfd2 Ng5 14.f3 Ne6 15.Nb1 a5
16.Nc3 a4 17.Nc5 Nxc5 18.dxc5 Rf5 19.Nxa4 Qa5 20.b3 Bxe5 21.Rxe5 Rxe5 22.Bxf4 Rf5
23.Qd4 Ba6 24.Be5 Raf8 25.Rd1 g5 26.Nc3 Qa3 27.h4 Qb2 28.h5 h6 29.Bg3 g4
30.f4 e5 31.fxe5 Kh7 32.Qd2 Qxd2 33.Rxd2 Rxh5 34.Rd1 Rhf5 35.Kh2 h5 36.b4 Bc4
37.a4 Kg6 38.Bh4 Rxe5 39.b5 Re3 40.Rc1 Rf1 41.Rc2 Bb3 42.Rb2 Rxc3 43.b6 Rf8
44.a5 Bc4 45.b7 Rb8 46.Bg3 Rxg3 47.Kxg3 Kg5 48.Rb6 h4+ 49.Kf2 d4 50.a6 g3+
51.Kf3 Re8  0-1

[Event "URS-ch otbor"]
[Site "Rostov"]
[Date "1976.??.??"]
[Round "?"]
[White "Alexandria, Nana"]
[Black "Tseitlin, Mark D"]
[Result "1-0"]
[WhiteElo "2340"]
[BlackElo "2450"]

1.e4 c5 2.Nf3 Nc6 3.Bb5 e6 4.O-O Nge7 5.Re1 a6 6.Bf1 d6 7.c3 d5 8.exd5 Nxd5
9.d4 cxd4 10.Nxd4 Bc5 11.Nxc6 bxc6 12.Nd2 Nf6 13.Qa4 Bd7 14.Ne4 Nxe4 15.Qxe4 Qb6
16.Be3 Bxe3 17.Rxe3 O-O 18.Rd1 Ra7 19.Rh3 f5 20.Qh4 h6 21.Rg3 Qb8 22.Bc4 Rf7
23.Bxe6 Bxe6 24.Rd8+ Qxd8 25.Qxd8+ Kh7 26.h4 Rad7 27.Qe8 f4 28.Qxe6 fxg3
29.fxg3 Rd1+ 30.Kh2 Rf6 31.Qe2 Rd5 32.Qxa6 Rd2 33.b4 g5 34.Qc4 Rd1 35.Qe4+ Kg7
36.Qe7+ Rf7 37.Qe5+ Rf6 38.hxg5 hxg5 39.Qxg5+ Rg6 40.Qe5+ Kh7 41.g4 Rh6+
42.Kg3 Rd3+ 43.Kf4 Rhd6 44.a4 R3d5 45.Qe7+ Kg6 46.Qe8+ Kg7 47.g5 Rd7 48.a5 Rf7+
49.Kg4  1-0

[Event "Vitrobud op"]
[Site "Sandomierz"]
[Date "1976.??.??"]
[Round "3"]
[White "Bronstein, David I"]
[Black "Schinzel, Wladyslaw"]
[Result "1/2-1/2"]
[WhiteElo "2540"]
[BlackElo "2370"]

1.e4 c5 2.Nf3 Nc6 3.Bb5 g6 4.c3 Nf6 5.e5 Nd5 6.O-O Bg7 7.d4 cxd4 8.cxd4 O-O
9.Nc3 Nc7 10.Bf4 Nxb5 11.Nxb5 a6 12.Nc3 d6 13.exd6 Bg4 14.dxe7 Qxe7 15.d5 Nd4
16.d6 Qd7 17.Qxd4 Bxd4 18.Nxd4 g5 19.Bg3 f5 20.Be5 Rae8 21.Rfe1 Rxe5 22.Rxe5 Qxd6
23.Rd5 Qb4 24.Nb3 Bh5 25.Re1 Bf7 26.Rd4 Qb6 27.Nd5 Bxd5 28.Rxd5 Qc6 29.Red1 Qf6
30.R5d2 b6 31.Nc1 f4 32.f3 Re8 33.Ne2 b5 34.Nc3 Qb6+ 35.Kf1 b4 36.Ne4 Re7
37.h3 Kg7 38.b3 h6  1/2-1/2

[Event "EUCup final"]
[Site "Solingen"]
[Date "1976.??.??"]
[Round "?"]
[White "Dvorietzky, Mark I"]
[Black "Kurajica, Bojan"]
[Result "1/2-1/2"]
[WhiteElo "2540"]
[BlackElo "2525"]

1.e4 c5 2.Nf3 Nc6 3.Bb5 e6 4.Bxc6 dxc6 5.O-O Ne7 6.d3 Ng6 7.e5 f6 8.Re1 Be7
9.a4 O-O 10.Nc3 Kh8 11.Qe2 Qc7 12.a5 Bd7 13.Bd2 Rf7 14.Ra4 Raf8 15.exf6 gxf6
16.Nh4 e5 17.Nxg6+ hxg6 18.f4 Bd6 19.Ne4 exf4 20.Nxd6 Qxd6 21.Bxf4 Qd5 22.Qf2 g5
23.Bd2 Kg7 24.Bc3 Kg6 25.Rae4 Qd6 26.h3 b6 27.b3 Rh8 28.R4e3 Rhf8 29.Rf3 Re7
30.Rxe7 Qxe7 31.Re3 Qd6 32.Qe2 Rf7 33.Re4 Qd5 34.Qe3 Qd6 35.d4 cxd4 36.Rxd4 Qe6
37.Qd2 Qf5 38.Rd6 bxa5 39.Bxa5 Qc5+ 40.Kh1 Qf5 41.Bc3 Be6  1/2-1/2

[Event "SWE-ch"]
[Site "SWE"]
[Date "1976.??.??"]
[Round "?"]
[White "Kinnmark, Ove"]
[Black "Schneider, Lars Ake"]
[Result "1/2-1/2"]
[WhiteElo "2390"]
[BlackElo "2365"]

1.e4 c5 2.Nf3 Nc6 3.Bb5 e6 4.O-O Nge7 5.Re1 a6 6.Bf1 d5 7.exd5 Nxd5 8.d4 Be7
9.c4 Nf6 10.Be3 O-O 11.Nc3 cxd4 12.Nxd4 Qc7 13.Nxc6 Qxc6 14.Bg5 h6 15.Bh4 b6
16.Be2 Bb7 17.Bf3 Qc7 18.Bg3 Bxf3 19.Bxc7 Bxd1 20.Rexd1 Rfc8 21.Bd6 Bxd6
22.Rxd6 b5 23.cxb5 axb5 24.Rb6 Nd5 25.Nxd5 Rxa2 26.Rd1 exd5 27.Rxb5 d4 28.g3 Rc2  1/2-1/2

[Event "SWE-ch"]
[Site "SWE"]
[Date "1976.??.??"]
[Round "?"]
[White "Schussler, Harry"]
[Black "Helmertz, Per Inge"]
[Result "1-0"]
[WhiteElo "2200"]
[BlackElo "2280"]

1.e4 c5 2.Nf3 Nc6 3.Bb5 Nf6 4.e5 Nd5 5.O-O g6 6.Re1 Bg7 7.d3 O-O 8.Nbd2 b6
9.Bxc6 dxc6 10.Qe2 h6 11.Ne4 Kh7 12.b3 a5 13.a4 f5 14.exf6 exf6 15.Bb2 Ra7
16.Ned2 Bg4 17.h3 Re7 18.Qf1 Be6 19.Nc4 Rfe8 20.d4 Nb4 21.dxc5 Nxc2 22.Red1 Qb8
23.Rac1 Nb4 24.cxb6 Bxc4 25.Qxc4 Qxb6 26.Ba3 Re4 27.Qc5 Qc7 28.Qd6 Qb6 29.Qc5 Qc7
30.Qd6 Qb6 31.Bxb4 Qxb4 32.Qxb4 Rxb4 33.Nd4 f5 34.Nxc6 Rxb3 35.Nxa5 Ra3 36.Rc4 Ra2
37.Nb3 Ree2 38.Rf1 Rec2 39.Rxc2 Rxc2 40.Rd1 Rc3 41.Rb1 Rc2 42.a5 h5 43.Rd1 Ra2
44.Rd6 Bc3 45.a6 Be1 46.Kf1 Bxf2 47.Rd2 Rxd2 48.Nxd2 Ba7 49.Nf3 Kh6 50.Ne5 Kg5
51.Nc6 Bb6 52.a7 Bxa7 53.Nxa7 Kf4 54.Nc6 g5 55.Nd4 g4 56.h4 g3 57.Ke2 Kg4
58.Ne6 f4 59.Nd4 f3+ 60.Nxf3 Kf4 61.Ng1  1-0

[Event "Tbilisi Interzonal (Women)"]
[Site "Tbilisi"]
[Date "1976.??.??"]
[Round "1"]
[White "Zatulovskaya, Tatiana"]
[Black "Fatalibekova, Elena"]
[Result "1/2-1/2"]
[WhiteElo "2240"]
[BlackElo "2285"]

1.e4 c5 2.Nf3 Nc6 3.Bb5 Nf6 4.Nc3 d6 5.O-O e5 6.d3 Be7 7.Bg5 O-O 8.Bxf6 Bxf6
9.Nd5 g6 10.Bxc6 bxc6 11.Nxf6+ Qxf6 12.Qc1 Qe7 13.Qh6 f5 14.Ng5 f4 15.b3 Bd7
16.Rfe1 Rf6 17.f3 Qg7 18.Qxg7+ Kxg7 19.Kf2 a5  1/2-1/2

[Event "Vinkovci"]
[Site "Vinkovci"]
[Date "1976.??.??"]
[Round "?"]
[White "Hort, Vlastimil"]
[Black "Kurajica, Bojan"]
[Result "1-0"]
[WhiteElo "2600"]
[BlackElo "2525"]

1.e4 c5 2.Nf3 Nc6 3.Bb5 e6 4.O-O a6 5.Bxc6 dxc6 6.d3 Qc7 7.e5 f5 8.a4 a5
9.Na3 Ne7 10.Nc4 Nd5 11.Re1 Nb6 12.Nxb6 Qxb6 13.b3 Qc7 14.d4 cxd4 15.Qxd4 b6
16.Qc4 Qd7 17.Be3 Ba6 18.Qh4 c5 19.Rad1 Qf7 20.Rd6 Bxd6 21.exd6 O-O 22.Ne5 Qb7
23.Bg5 Qd5 24.Be7 Bb7 25.f3 Qd2 26.d7 Rfb8 27.c4 Qc3 28.Kf1 Qd2 29.Qg5  1-0

[Event "Vrnjacka Banja"]
[Site "Vrnjacka Banja"]
[Date "1976.??.??"]
[Round "?"]
[White "Martinovic, Slobodan"]
[Black "Gufeld, Eduard"]
[Result "0-1"]
[WhiteElo "2420"]
[BlackElo "2545"]

1.e4 c5 2.Nf3 Nc6 3.Bb5 g6 4.O-O Bg7 5.c3 Nf6 6.Re1 O-O 7.d4 cxd4 8.cxd4 d5
9.e5 Ne4 10.Nc3 Nxc3 11.bxc3 Na5 12.Bg5 Bf5 13.Bd3 Bxd3 14.Qxd3 Nc4 15.Re2 Rc8
16.Rae1 Rc6 17.h4 h6 18.Bf4 e6 19.Rc1 Qe7 20.g3 Rfc8 21.Kg2 Nb6 22.Rec2 a6
23.Nh2 Na4 24.Ng4 h5 25.Nh2 b5 26.g4 hxg4 27.Nxg4 Qxh4 28.f3 Qh5 29.Qd2 Qf5
30.Kg3 b4 31.Ne3 Qh5 32.cxb4 Rxc2 33.Rxc2 Rxc2 34.Nxc2 Nb6 35.Na3 Bf8 36.Qc3 Qh1
37.Qc6 Be7 38.Be3 Bh4+ 39.Kg4 Be1 40.Bg5 Qg2+  0-1

[Event "Balkaniad tt"]
[Site "Albena"]
[Date "1977.??.??"]
[Round "?"]
[White "Ciocaltea, Victor"]
[Black "Padevsky, Nikola"]
[Result "1-0"]
[WhiteElo "2455"]
[BlackElo "2455"]

1.e4 c5 2.Nf3 Nc6 3.Bb5 e6 4.O-O Nge7 5.c3 a6 6.Ba4 b5 7.Bc2 Bb7 8.d3 Ng6
9.Ng5 f6 10.Nh3 Bd6 11.f4 O-O 12.Be3 Nce7 13.Nd2 Rc8 14.a4 Bb8 15.axb5 axb5
16.Nb3 Bd6 17.Qe2 Qc7 18.Qf2 Ba8 19.Ra5 c4 20.Ra7 Qd8 21.Nd2 Nc6 22.Raa1 cxd3
23.Bxd3 Rb8 24.b4 Nce7 25.Nb3 f5 26.e5 Bc7 27.Nc5 Nd5 28.Bd4 Bc6 29.Na6 Ra8
30.Nxc7 Qxc7 31.Bc5 Rfe8 32.Qd4 Qb7 33.Ra5 Nc7 34.Rf2 Ra6 35.g3 Ne7 36.Bxe7 Rxe7
37.Rxa6 Qxa6 38.Qd6 Nd5 39.Qb8+ Kf7 40.Ng5+ Kg6 41.Qg8  1-0

[Event "IBM-B"]
[Site "Amsterdam"]
[Date "1977.??.??"]
[Round "5"]
[White "Cuartas, Carlos"]
[Black "Ligterink, Gert"]
[Result "1-0"]
[WhiteElo "2440"]
[BlackElo "2430"]

1.e4 c5 2.Nf3 Nc6 3.Bb5 g6 4.O-O Bg7 5.Re1 e5 6.b4 Nxb4 7.Bb2 Qc7 8.c3 Nc6
9.d4 d6 10.Na3 a6 11.d5 Ke7 12.dxc6 axb5 13.Nxb5 Qxc6 14.c4 Nf6 15.a4 Rd8
16.Qd3 h6 17.Nd2 Be6 18.Nb1 Kf8 19.N1c3 Kg8 20.Rad1 Ne8 21.h4 h5 22.Bc1 Bf6
23.g3 Nc7 24.Nd5 Bxd5 25.exd5 Qd7 26.Nc3 Bg7 27.Bg5 Re8 28.Rb1 Na6 29.Rb6 Nb4
30.Qd2 f5 31.Bh6 Ra6 32.Rb5 Bh8 33.a5 e4 34.Rb1 Qc7 35.Ne2 Be5 36.Nf4 Bxf4
37.Bxf4 Rea8 38.Qc3 Rf8 39.Bc1 Kh7 40.Qe3 Qg7 41.Qg5 Rf7 42.Bb2 Qf8 43.Bc3 f4
44.Bxb4 cxb4 45.gxf4 Qg7 46.R1xb4 Ra8 47.Qg3 Raf8 48.Rb6 Rd7 49.Qb3 Rxf4
50.Rxb7 Rdf7 51.Rxf7 Rxf7 52.Qb2 Qh6 53.Rb7 Qf4 54.Rxf7+ Qxf7 55.a6 Qf3 56.Qd4 Qg4+
57.Kf1 Qxh4 58.a7 Qh1+ 59.Ke2 Qf3+ 60.Ke1 Qa3 61.Kd2 h4 62.Qe3 Qb2+ 63.Ke1 Qa1+
64.Ke2 Qa2+ 65.Kf1 Qxc4+ 66.Kg1 Qxd5 67.Qa3 Qa8 68.Qa4 Kh6 69.Qd4 Kh7 70.Qb6 Qd5
71.Qc7+ Kh6 72.Qd8 Qd1+ 73.Kh2  1-0

[Event "URS-FL"]
[Site "Baku"]
[Date "1977.??.??"]
[Round "4"]
[White "Kuzmin, Gennadi P"]
[Black "Timoshchenko, Gennadi A"]
[Result "1-0"]
[WhiteElo "2550"]
[BlackElo "2505"]

1.e4 c5 2.Nf3 Nc6 3.Bb5 Nf6 4.Nc3 g6 5.h3 Bg7 6.e5 Ng8 7.Bxc6 dxc6 8.d3 Nh6
9.g4 f5 10.exf6 exf6 11.Qe2+ Qe7 12.Qxe7+ Kxe7 13.Be3 b6 14.O-O-O Rd8 15.d4 c4
16.Rhe1 Kf8 17.Nd2 f5 18.Nxc4 fxg4 19.Bg5 Re8 20.Rxe8+ Kxe8 21.Re1+ Kf8 22.Nd6 Bf5
23.d5 gxh3 24.dxc6 Bg4 25.f3 Bxf3 26.Rf1 h2 27.Rxf3+ Nf5 28.Rf1 h1=Q 29.Rxh1 Nxd6
30.Nd5 Nf5 31.Rxh7 Rc8 32.c7 Kf7 33.Bd8 g5 34.Rh5 Ke6 35.c4 b5 36.Bxg5 bxc4
37.Nf4+ Kd6 38.Bd8 Nd4 39.Ra5 Kd7 40.Rg5 Bh8 41.Rh5 Bg7 42.Rh7  1-0

[Event "Biel"]
[Site "Biel"]
[Date "1977.??.??"]
[Round "14"]
[White "Kagan, Shimon"]
[Black "Lombard, Andre"]
[Result "1-0"]
[WhiteElo "2440"]
[BlackElo "2410"]

1.e4 c5 2.Nf3 Nc6 3.Bb5 Nf6 4.Qe2 g6 5.e5 Nd5 6.Qc4 Nc7 7.Bxc6 dxc6 8.Qxc5 Bg7
9.d3 Ne6 10.Qc4 c5 11.Be3 Bd7 12.O-O Rc8 13.Re1 Bc6 14.Nbd2 Qd5 15.Qxd5 Bxd5
16.a4 O-O 17.Ra3 Rfd8 18.a5 Bf8 19.c4 Bc6 20.Ng5 Nxg5 21.Bxg5 Bd7 22.Ne4 Bf5
23.Rb3 h6 24.Be3 b6 25.axb6 axb6 26.f3 Rc6 27.Ra1 Bg7 28.f4 g5 29.fxg5 hxg5
30.Bxg5 Bxe5 31.Bxe7 Re8 32.Bh4 Rh6 33.Bg3 Bd4+ 34.Bf2 Bxe4 35.dxe4 Bxf2+
36.Kxf2 Rxe4 37.Rg3+ Kf8 38.Ra8+ Ke7 39.Ra7+ Ke6 40.Rb7 Rxh2 41.b3 Rd4 42.Rxb6+ Rd6
43.Rxd6+ Kxd6 44.Rh3 Rxh3 45.gxh3  1-0

[Event "HUN-ch"]
[Site "Budapest"]
[Date "1977.??.??"]
[Round "?"]
[White "Perenyi, Bela"]
[Black "Csom, Istvan"]
[Result "0-1"]
[WhiteElo "2270"]
[BlackElo "2535"]

1.e4 c5 2.Nf3 Nc6 3.Bb5 d6 4.O-O Bd7 5.c3 a6 6.Ba4 b5 7.Bc2 Bg4 8.h3 Bh5
9.d3 e6 10.Be3 Nf6 11.Nbd2 d5 12.d4 cxd4 13.cxd4 Be7 14.e5 Nd7 15.Rc1 Rc8
16.g4 Bg6 17.Ne1 Nb6 18.f4 Bxc2 19.Rxc2 Nc4 20.Nxc4 dxc4 21.f5 Nxe5 22.Rd2 Nd3
23.fxe6 fxe6 24.Nxd3 cxd3 25.Rdf2 Bh4 26.Rf3 Bf6 27.g5 Bxg5 28.Qxd3 Bf6 29.Qe4 Qd5
30.Qg4 Rf8 31.Bf2 Kd7 32.Rf4 h5 33.Qg6 Qg5+ 34.Qxg5 Bxg5 35.Rxf8 Rxf8 36.Rd1 Kd6
37.Rd3 Rc8 38.Kg2 Kd5 39.Kf3 Rc2 40.Ra3 Rc6 41.Rd3 Bc1 42.b3 Rc2 43.Rd1 Bg5
44.Rd3 Be7 45.a4 g5 46.axb5 axb5 47.Bg1 Bd6 48.Be3 Rh2 49.Bxg5 Rxh3+ 50.Ke2 Rxd3
51.Kxd3 Bg3 52.Bf6 h4 53.Ke3 h3 54.Kf3 h2 55.Kg2 Bd6 56.Bg7 b4 57.Bf6 Ke4  0-1

[Event "Tungsram"]
[Site "Budapest"]
[Date "1977.??.??"]
[Round "?"]
[White "Sax, Gyula"]
[Black "Rajna, George"]
[Result "1-0"]
[WhiteElo "2565"]
[BlackElo "2395"]

1.e4 c5 2.Nf3 Nc6 3.Bb5 g6 4.O-O Bg7 5.c3 a6 6.Ba4 b5 7.Bb3 c4 8.Bc2 Nf6
9.b3 Bb7 10.Qe2 Na5 11.b4 Nc6 12.a4 Nh5 13.Ra2 d5 14.d4 dxe4 15.Bxe4 Nf6
16.Bc2 O-O 17.Nbd2 Qd5 18.Rd1 Rad8 19.Nf1 Rfe8 20.Bf4 Nh5 21.Bc7 Rc8 22.Be4 Qd7
23.Be5 f6 24.Bg3 Nxg3 25.hxg3 f5 26.Ne5 Qc7 27.Bxc6 Bxc6 28.Nxc6 Qxc6 29.f4 g5
30.Ne3 Qe4 31.Qf2 Bh6 32.Re2 gxf4 33.Ng4 Qc6 34.axb5 axb5 35.Nxh6+ Qxh6 36.gxf4 Ra8
37.Rde1 Ra3 38.Qf3 Kh8 39.g3 e6 40.Kg2 Qg6 41.d5 Qg4 42.Qe3 Qg7 43.Rc2 Ra6
44.Qe5 Qxe5 45.Rxe5 Kg7 46.Rce2 Kf6 47.Kh3 h6 48.Kh4 Ra1 49.Kh3 Ra6 50.Kh4 Ra1
51.Rxe6+ Rxe6 52.Rxe6+ Kg7 53.Kh3 Rc1 54.Rb6 Rxc3 55.Rxb5 Rb3 56.d6 Kf6 57.d7 Rd3
58.Rb6+ Ke7 59.Rb5 Kxd7 60.Rxf5 Rb3 61.Rb5 Ke7 62.Rb6 c3 63.Rxh6 Kd7 64.Rh5 Rxb4
65.Rc5 Rb3 66.Kh4 Kd6 67.Rc8 Kd5 68.g4 Rb4 69.Rxc3 Rxf4 70.Re3 Rf8 71.g5  1-0

[Event "YMCA"]
[Site "Buenos Aires"]
[Date "1977.??.??"]
[Round "2"]
[White "Szmetan, Jorge"]
[Black "Franco Ocampo, Zenon"]
[Result "1-0"]
[WhiteElo "2435"]
[BlackElo "2315"]

1.e4 c5 2.Nf3 Nc6 3.Bb5 e6 4.O-O Nge7 5.Re1 a6 6.Bf1 d5 7.exd5 Nxd5 8.d4 Be7
9.dxc5 O-O 10.c4 Nf6 11.Nc3 Qxd1 12.Rxd1 Bxc5 13.a3 e5 14.b4 e4 15.bxc5 exf3
16.gxf3 Ne5 17.Be2 Be6 18.Nd5 Ned7 19.Be3 Kh8 20.Rab1 Rab8 21.Nb6 Rfd8 22.Bf4 Nxc5
23.Bxb8 Rxb8 24.Rd6 Kg8 25.Rbd1 Kf8 26.Rd8+ Rxd8 27.Rxd8+ Ke7 28.Rd1 g5 29.Kf1 Nh5
30.Ke1 Nf4 31.Bf1 h5 32.Na8 Bd7 33.Kd2 Bc6 34.Ke3 h4 35.Nb6 f6 36.Nc8+ Ke6
37.Nd6 Ba4 38.Rd4 Bc6 39.Ne4 Bxe4 40.fxe4 Ke5 41.Rd8 Nce6 42.Re8 Kd6 43.Be2 Kd7
44.Rh8 Ng2+ 45.Kd2 Nc5 46.Bg4+ Ke7 47.Bf5 Nf4 48.Rh6 a5 49.Ke3 Ng2+ 50.Kd4 Nb3+
51.Kc3 Nc5 52.Rh8 Nf4 53.Ra8 Ne2+ 54.Kd2 Nd4 55.Rc8 Na6 56.Kd3 Nf3 57.h3 Ne5+
58.Kd4 b6 59.Kd5 Nc5 60.Rc7+ Kd8 61.Rh7 Ke8 62.Be6 Ned3 63.Kd6 Kf8 64.f3 Ne5
65.Bd5  1-0

[Event "DDR-ch (Women)"]
[Site "Frankfurt/Oder"]
[Date "1977.??.??"]
[Round "5"]
[White "Worch, Marion"]
[Black "Feustel, Petra"]
[Result "1/2-1/2"]
[WhiteElo "2090"]
[BlackElo "2155"]

1.e4 c5 2.Nf3 Nc6 3.Bb5 g6 4.O-O Bg7 5.c3 a6 6.Bxc6 bxc6 7.d3 Nf6 8.h3 O-O
9.Be3 c4 10.Bd4 cxd3 11.Qxd3 d5 12.Nbd2 a5 13.Qe3 Ba6 14.Rfd1 Qc8 15.e5 Ne4
16.Nxe4  1/2-1/2

[Event "DDR-ch 26th"]
[Site "Frankfurt/Oder"]
[Date "1977.??.??"]
[Round "10"]
[White "Grottke, Hans Joachim"]
[Black "Espig, Thomas"]
[Result "1/2-1/2"]
[WhiteElo "2250"]
[BlackElo "2320"]

1.e4 c5 2.Nf3 Nc6 3.Bb5 g6 4.O-O Bg7 5.Re1 Nf6 6.c3 O-O 7.d4 cxd4 8.cxd4 d6
9.h3 Ne8 10.Nc3 Nc7 11.Ba4 e5  1/2-1/2

[Event "DDR-ch 26th"]
[Site "Frankfurt/Oder"]
[Date "1977.??.??"]
[Round "14"]
[White "Mueller, Klaus Uwe"]
[Black "Espig, Thomas"]
[Result "1/2-1/2"]
[WhiteElo "2300"]
[BlackElo "2320"]

1.e4 c5 2.Nf3 Nc6 3.Bb5 g6 4.O-O Bg7 5.Re1 Nf6 6.e5 Nd5 7.Nc3 Nc7 8.Bxc6 bxc6
9.Ne4 Ne6 10.d3 O-O 11.Be3 d6 12.Qd2  1/2-1/2